Lead times (Record no. 67659)
[ view plain ]
| 000 -LEADER | |
|---|---|
| fixed length control field | 01169cam a2200241 4500 |
| 001 - CONTROL NUMBER | |
| control field | ABS64101 |
| 008 - FIXED-LENGTH DATA ELEMENTS--GENERAL INFORMATION | |
| fixed length control field | 000000n2001 000 0 eng u |
| 035 ## - SYSTEM CONTROL NUMBER | |
| System control number | (Sirsi) u113567 |
| 110 ## - MAIN ENTRY--CORPORATE NAME | |
| Corporate name or jurisdiction name as entry element | Mace |
| 9 (RLIN) | 462 |
| 245 ## - TITLE STATEMENT | |
| Title | Lead times |
| 260 ## - PUBLICATION, DISTRIBUTION, ETC. | |
| Date of publication, distribution, etc. | 2001 |
| 490 ## - SERIES STATEMENT | |
| Series statement | Building |
| Volume/sequential designation | 266(8191) 29 June 2001, 58-61(4) |
| 520 ## - SUMMARY, ETC. | |
| Summary, etc. | Tracks the lead times of 38 works packages, reporting that only those for demountable partitions, LV switchgear and raised floors have fallen, whilst those for escalators and steel frames have remained the same. Lead times for curtain walling, data and voice cabling, ductwork, generators mechanical packages, metal windows, precast concrete frames, piling and uninterruptible power supply have all gone up. Focuses on the number of enquiries received by manufacturers, lead times, order levels and tender prices for structural steel frames. |
| 590 ## - LOCAL NOTE (RLIN) | |
| Local note | ABS |
| 650 ## - SUBJECT ADDED ENTRY--TOPICAL TERM | |
| Topical term or geographic name entry element | BUILDING COMPONENTS |
| 650 ## - SUBJECT ADDED ENTRY--TOPICAL TERM | |
| Topical term or geographic name entry element | BUILT ENVIRONMENT-BUILDING MATERIALS |
| 650 ## - SUBJECT ADDED ENTRY--TOPICAL TERM | |
| Topical term or geographic name entry element | LEAD TIMES |
| 650 ## - SUBJECT ADDED ENTRY--TOPICAL TERM | |
| Topical term or geographic name entry element | STRUCTURAL STEEL |
| 650 ## - SUBJECT ADDED ENTRY--TOPICAL TERM | |
| Topical term or geographic name entry element | SUPPLY AND DEMAND |
| 690 ## - LOCAL SUBJECT ADDED ENTRY--TOPICAL TERM (OCLC, RLIN) | |
| Topical term or geographic name as entry element | BUILT ENVIRONMENT-BUILDING MATERIALS |
| 710 ## - ADDED ENTRY--CORPORATE NAME | |
| Corporate name or jurisdiction name as entry element | Gardiner and Theobald |
| 9 (RLIN) | 719 |
| 942 ## - ADDED ENTRY ELEMENTS (KOHA) | |
| Suppress in OPAC | 0 |
| Withdrawn status | Lost status | Source of classification or shelving scheme | Damaged status | Not for loan | Home library | Current library | Shelving location | Date acquired | Total Checkouts | Full call number | Barcode | Date last seen | Copy number | Price effective from | Koha item type |
|---|---|---|---|---|---|---|---|---|---|---|---|---|---|---|---|
| Dewey Decimal Classification | London | London | Journal article | 09/07/2001 | ABS64101 | 113567-1001 | 06/08/2019 | 1 | 06/08/2019 | Journal article |